000 01755cam a22001934a 4500
005 20250605164341.0
008 250528s ||||||||||||||||||||||||d
035 _a23599
040 _aGR-AtMCL
_bgre
_dGR-AtMCL
_eAACR2
245 1 _aΔημιουργία και Λειτουργία Επιχείρησης Εστίασης με Προϊόντα με Στέβια.
260 _c2017
300 _a41
520 _aΕισαγωγή, Ορισμός και Λειτουργία της Επιχείρησης, Αποστολή της Επιχείρησης, Στόχοι της Επιχείρηση, Τοποθεσία και Σχεδιασμός Καταστήματος, Περιγραφή της Επιχείρησης, Νομοθεσίες και Λειτουργία, Εξοπλισμός, Πρώτες Ύλες, το Γλυκαντικό Στέβια, Πρώτες Ύλες στην Ζαχαροπλαστική, Δευτερεύουσες Πρώτες Ύλες, Προϊόντα Επιχειρήσης, Προϊόντα Επιχείρησης, Συσκευασία Προϊόντων Ορισμός, Συσκευασίες Επιχείρησης, Μάρκετινγκ και Κόστη, Στρατηγικές Ανταγωνιστικού Πλεονελτήματος, Μάρκετινγκ, Διαφήμιση και Κόστη Προϊόντων, Έρευνα Μάρκετινγκ, Ανάπτυξη και Μακροπρόθεσμα Σχέδια, Ερωτηματολόγιο Έρευνας, Συμπεράσματα, Προτάσεις, Βιβλιογραφία.
700 1 _aΚωνσταντίνος Χαρδαβέλλας
_99187
700 1 _aΣωτηρίου Νικόλαος
_99188
942 _cDS
999 _c8599
_d8599